Loading...
| Literature - British Literature | 0 | 8 | 0 | 1 | 80 | 56 | 92.63 | 4 | 8 |
| Literature - European Literature | 0 | 6 | 2 | 1 | 50 | 59 | 103.50 | 3 | 6 |
| Literature - World/Other Literature | 0 | 5 | 0 | 0 | 50 | 63 | 98.00 | 3 | 5 |
| Literature - American Literature | 0 | 5 | 2 | 0 | 40 | 49 | 86.40 | 2 | 5 |
| Science - Biology | 0 | 4 | 2 | 1 | 30 | 23 | 69.50 | 2 | 4 |
| Science - Chemistry | 0 | 4 | 3 | 0 | 25 | 34 | 61.50 | 2 | 4 |
| Fine Arts - Classical Music | 0 | 3 | 2 | 0 | 20 | 40 | 61.33 | 2 | 3 |
| Science - Physics | 0 | 1 | 0 | 0 | 10 | 67 | 67.00 | 0 | 1 |
| Fine Arts - Visual Fine Arts | 0 | 1 | 0 | 0 | 10 | 135 | 135.00 | 0 | 1 |
| Other Academic | 0 | 1 | 0 | 1 | 10 | 129 | 129.00 | 0 | 1 |
| Philosophy | 0 | 1 | 0 | 0 | 10 | 89 | 89.00 | 1 | 1 |
| Religion | 0 | 1 | 0 | 0 | 10 | 58 | 58.00 | 1 | 1 |
| Science - Other Science | 0 | 1 | 0 | 0 | 10 | 87 | 87.00 | 0 | 1 |